Vzájomné dodávky medzi SR a ČR - 1. štvrťrok 1993

Enregistré dans:
Détails bibliographiques
Format: Livre
Langue:slovaque
Publié: Bratislava Štatistický úrad SR 1993
Sujets:
Tags: Ajouter un tag
Pas de tags, Soyez le premier à ajouter un tag!

MARC

LEADER 00000nam a2200000 4500
001 c004117
005 20260219101302.4
041 0 |a slo 
044 |a SK 
245 1 0 |a Vzájomné dodávky medzi SR a ČR - 1. štvrťrok 1993 
264 1 |a Bratislava  |b Štatistický úrad SR  |c 1993 
300 |a Nestr. 
610 2 0 |a Slovensko 
610 2 0 |a Česko 
610 2 0 |a obchod zahraničný 
610 2 0 |a odbyt 
610 2 0 |a dodávky